000 00717nam a2200217Ia 4500
001 3273
003 GE_BSU
008 181216s||||||||xx |||||||||||||| ||und||
020 _a585173048Х
040 _cGE_BSU
100 _aГорфинкедь,Е.М. Купряков, В.П. Прасолова и др.;.
245 _aЭкономика предпричятия.Учебникдля вузов.
245 _cПод. ред. проф. В.Я. Горфинкеля, проф. Е.М. Купрякова.
260 _aМосква
260 _bБанки и Биржи
260 _c1996
300 _a376ст.
541 _h8 Л.
653 _aЭкономика предпричятия.
942 _cBK
999 _c37314
_d37314